Responses for Show #64 - Thursday, December 6, 1984

Contestants

[<< previous game]

Jay Mann, an animal control dispatcher from Anaheim, California

Eva Rosenberg, a tax and business consultant originally from Budapest, Hungary

Warren Pistell, a student from Tarzana, California (whose 1-day cash winnings total $5,650)

[next game >>]

Jeopardy! Round responses

INSECTS
COLORS
NURSERY RHYMES
BOXING
POE
(Alex: And one of those categories we have up there, POE, of course, refers to my favorite American author, Edgar Allan Poe.)
CABLE TV
    $100 8
(Warren: What are, uh, cockroaches?)

lice

WarrenEva
    $100 3
(Warren: What are purple and red?)
...
(Alex: Yes, that's what makes chartreuse. All you have to do is think of the liqueurs.)

green and yellow

WarrenJay
    $100 9
in a little crooked house

Jay
    $100 1
ten

Warren
    $100 16
(Warren: Um, at night.)
(Alex: ...hmm, that's not specific enough.)
(Warren: At [*].)
(Alex: [*]. All right. What is [*]?)

midnight

Warren
    $100 11
music videos

Jay
    $200 12
(Alex: I do the same thing, by the way, but it doesn't work nearly as well as with [*].)

fireflies (or lightning bugs or glowworms)

Jay
    $200 4
in the pink

Jay
    $200 10
(Jay: [No response])

the sparrow

WarrenJay
    $200 2
(Eva: What is tossing in the towel?)
(Alex: Mmm...be a little more specific.)
(Eva: What is losing the fight?)
(Jay: [*].)
(Alex: [*]. What is [*]?)

throwing in the towel

EvaJay
    $200 17
the Disney Channel

Warren
    $300 13
locust swarms

Jay
    $300 5
a blacklist

Triple Stumper
    $300 20
Georgie Porgie

Warren
    $300 18
technical knockout

Warren
    $900 22
(Warren: Who is... Second City?)
(Alex: No. Be a little more specific.)
(Warren: Who is the Second City Comedy Players?)
(Alex: No. I'm sorry.)
(Warren: [*]?)
(Alex: I can't accept that; you didn't get it in time. We were looking for [*] because there is a distinction between The Second City and [*]. There was a contractual thing, and that's why they had to go under the name [*]. Sorry, but it cost you. We've got less than a minute to go in the round.)

SCTV

Warren
    $400 14
a praying mantis

Eva
    $400 6
(Jay: What is Goodbye, [*]?)

the Yellow Brick Road

Jay
    $400 25
heaven

Eva
    $400 19
(Jay: Who is Leon Spinks?)
...
(Alex: The largest purse ever in boxing.)

Sugar Ray Leonard

WarrenJay
    $400 23
Ted Turner

Warren
    $500 15
an ant

Eva
    $500 7
white elephants

Jay
    $500 26
[The end-of-round signal sounds.]

a goose (or gander)

Eva
    $500 21
(Alex: That's how he retained his crown against [*].)

Sonny Liston

Warren
    $500 24
(Jay: ...Who is Duvall?)[Responded after time had expired.]

Shelley Duvall

WarrenJay

Scores at the first commercial break (after clue 10):

Warren Eva Jay
$100 -$100 $1,300

Scores at the end of the Jeopardy! Round:

Warren Eva Jay
$1,900 $1,700 $1,000

Double Jeopardy! Round responses

GEOLOGY
THANKSGIVING
STREISAND FILMS
BOTANY
U.S. CITIES
"IN" CROWD
    $200 1
(Eva: What is an opal?)
(Warren: What is a diamond?)

a sapphire

WarrenEvaJay
    $200 18
Plymouth Rock

Warren
    $200 6
toadstools

Jay
    $200 11
Missouri

Warren
    $200 10
inmates

Warren
    $400 2
a delta

Jay
    $400 23
[The end-of-round signal sounds.]

popcorn

Warren
    $400 7
daisies

Jay
    $400 12
San Antonio

Warren
    $400 16
(Warren: What is incidentals?)

indispensable

Warren
Triple Stumper
    $600 3
Vesuvius

Jay
    $600 21
(Alex: Who was [*]? Not fast enough, Eva.)
(Eva: Boy am I glad.)

Miles Standish

Triple Stumper
    $600 22
(Jay: ... What is The Great...)
(Alex: Sorry, you're taking too long. When you ring in, you've got to be prepared to answer.)

A Star Is Born

WarrenJay
    $600 8
a vine

Jay
    $600 13
Duluth

Warren
    $600 17
inflation

Jay
    $700 4
(Jay: What is the ionosphere?)

the stratosphere

Jay
    $800 9
(Eva: What are oranges or [*]?)
(Alex: [*], that's it.)

citrus

Eva
    $800 14
(Jay: What is Anaheim?)
(Eva: What is San Francisco?)
...
(Alex: Yes, indeed. The category is U.S. CITIES.)

San Diego

WarrenEvaJay
    $800 19
(Eva: What is ingest?)

indulge

Eva
Triple Stumper
    $1000 5
the Badlands

Jay
    $1,000 15
(Warren: What is Atlanta?)

Cleveland

Warren
    $1000 20
(Alex: You got it in just in the nick of time. Boy, sometimes, you know, it helps if you concentrate on the category, not just concentrate on the clue.)

Indians

Eva

Scores at the end of the Double Jeopardy! Round:

Warren Eva Jay
$3,700 $1,700 $2,900

[wagering suggestions for these scores]

Final Jeopardy! Round responses

WORLD HISTORY
[Music ends; Eva keeps writing]
(Alex: Pens down. No, put 'em down. That's all right, I'm going to ask you a question in a moment, Eva, because I noticed that you had a problem, and, uh, you corrected it on your screen, and in doing that, you caused another problem. We're going to start with you. You were in third place going into this round. You had $1700. So, we're going to do this in a reverse manner: you tell me how much you wagered.)
(Eva: I wagered $1500.)
(Alex: $1500. Is that absolutely right? I'll verify it with our judges, who saw the wager during the commercial break. Let's see now, if you had the correct Final Jeopardy! question.)
EvaWhat is Haiti
$1,500
JayWhere is Haiti?
$2,500
WarrenWhat is The Bahamas
$2,300
Haiti

Final scores:

Warren Eva Jay
$1,400 $3,200 $5,400
3rd place: watches 2nd place: a boombox and a washer/dryer New champion: $5,400

Game dynamics:

Coryat scores:

Warren Eva Jay
$5,600 $1,700 $3,600
18 R,
6 W
(including 2 DDs)
7 R,
4 W
17 R,
6 W
(including 1 DD)

Combined Coryat: $10,900

[game clues] [game scores] [suggest correction]

Game tape date: 1984-09-18
The J! Archive is created by fans, for fans. Scraping, republication, monetization, and malicious use prohibited; this site may use cookies and collect identifying information. See terms. The Jeopardy! game show and all elements thereof, including but not limited to copyright and trademark thereto, are the property of Jeopardy Productions, Inc. and are protected under law. This website is not affiliated with, sponsored by, or operated by Jeopardy Productions, Inc. Join the discussion at JBoard.tv.